header

Gesture and thought (Record no. 11022)

MARC details
000 -LEADER
fixed length control field 01443nam a2200349 a 4500
100 1# - MAIN ENTRY--AUTHOR NAME
Personal name McNeill, David.
245 10 - TITLE STATEMENT
Title Gesture and thought
260 ## - PUBLICATION, DISTRIBUTION, ETC. (IMPRINT)
Place of publication Chicago :
Name of publisher University of Chicago Press,
Year of publication c2005.
300 ## - PHYSICAL DESCRIPTION
Number of Pages xii, 318p. :
Other physical details ill.
505 0# - FORMATTED CONTENTS NOTE
Formatted contents note Why gestures? -- How gestures carry meaning -- Two dimensions -- Imagery-language dialectic -- Discourse -- Children and whorf -- Neurogesture -- The thought-language-hand link and language origins.
650 #0 - SUBJECT ADDED ENTRY--TOPICAL TERM
Topical Term Gesture.
Topical Term Psycholinguistics.
Topical Term Thought and thinking.
Topical Term Speech.
Topical Term Sign language.
Topical Term Language and languages.
856 40 - ELECTRONIC LOCATION AND ACCESS
Uniform Resource Identifier http://site.ebrary.com/lib/rucke/Doc?id=10266067

No items available.

© 2026 Rongo University
Contact us: librarian | system librarian | Rongo university